Statistiques concernant L'histoire du Québec

Cliquez ici pour prendre le quiz!

Statistiques générales

  • Ce quiz a été pris 252 fois
  • Le résultat moyen est 8 sur 15

Statistiques - réponses

HintRéponse% Correct
La fondation de la ville de Québec1608
93%
Le premier voyage de Jacques Cartier1534
85%
Début de la révolution tranquille1960
68%
La fondation de Montréal1642
67%
Premier référendum sur la souveraineté-association1980
67%
Crise d'Octobre1970
66%
La bataille des Plaines d'Abraham1759
60%
La fondation de Trois-Rivières1634
56%
Début des rébellions patriotiques menées par Papineau1837
55%
Signature de l'AANB (Acte de l'Amérique du Nord Britannique)1867
49%
Adoption de l'Acte de Québec1774
39%
Signature du Traité d'Utrecht qui diminue les territoires de la Nouvelle-France1713
25%
Création du poste de traite de Tadoussac1600
24%
Début du Gouvernement Royal instaurée par Colbert1663
15%
Défaite des Hurons-Wendats par les Iroquois1649
10%

Distribution des résultats

Percentile par nombre de réponses

% des personnes avec chaque résultat

Votre développement - résultats

Vous n’avez pas pris ce quiz